000 00364nam a2200157Ia 4500
003 Ost
005 20260225132539.0
008 260225s9999||||xx |||||||||||||| ||und||
040 _cfsic
041 _afre
082 _a302.23
100 _aJaques barrat
_eAuteur
245 0 _aGéographie économique des médias /
245 0 _cJaques barrat
942 _cكتاب
999 _c33419
_d33419